<?xml version="1.0" encoding="UTF-8"?>
<record
    xmlns:xsi="http://www.w3.org/2001/XMLSchema-instance"
    xsi:schemaLocation="http://www.loc.gov/MARC21/slim http://www.loc.gov/standards/marcxml/schema/MARC21slim.xsd"
    xmlns="http://www.loc.gov/MARC21/slim">

  <leader>01063nam a2200217Ia 4500</leader>
  <controlfield tag="003">OSt</controlfield>
  <controlfield tag="005">20241105145157.0</controlfield>
  <controlfield tag="008">200731s9999    xx            000 0 und d</controlfield>
  <datafield tag="020" ind1=" " ind2=" ">
    <subfield code="a">7208062021</subfield>
  </datafield>
  <datafield tag="020" ind1=" " ind2=" ">
    <subfield code="a">9787208062023</subfield>
  </datafield>
  <datafield tag="040" ind1=" " ind2=" ">
    <subfield code="c">0</subfield>
  </datafield>
  <datafield tag="041" ind1=" " ind2=" ">
    <subfield code="a">chi</subfield>
  </datafield>
  <datafield tag="050" ind1=" " ind2=" ">
    <subfield code="a">BQ4055</subfield>
    <subfield code="b">.S45 2006</subfield>
  </datafield>
  <datafield tag="245" ind1=" " ind2=" ">
    <subfield code="a">&#x5341;&#x5BB6;&#x8BBA;&#x4F5B;</subfield>
    <subfield code="b"> /</subfield>
    <subfield code="c">&#x53F8;&#x9A6C;&#x742A; </subfield>
  </datafield>
  <datafield tag="260" ind1=" " ind2=" ">
    <subfield code="a">&#x4E0A;&#x6D77;:</subfield>
    <subfield code="b">&#x4E0A;&#x6D77;&#x4EBA;&#x6C11;&#x51FA;&#x7248;&#x793E;,</subfield>
    <subfield code="c">2006</subfield>
  </datafield>
  <datafield tag="300" ind1=" " ind2=" ">
    <subfield code="a">3, 2, 521 p. :</subfield>
    <subfield code="b">ill. ;</subfield>
    <subfield code="c">23 cm.</subfield>
  </datafield>
  <datafield tag="505" ind1=" " ind2=" ">
    <subfield code="a">&#x672C;&#x4E66;&#x4E3A;&#x201C;&#x5341;&#x5BB6;&#x8BBA;&#x4E1B;&#x201D;&#x4E4B;&#x4E00;&#x79CD;&#xFF0C;&#x4E3B;&#x9898;&#x4E3A;&#x5BF9;&#x4E2D;&#x56FD;&#x5F71;&#x54CD;&#x6DF1;&#x8FDC;&#x800C;&#x535A;&#x5927;&#x7CBE;&#x6DF1;&#x4E4B;&#x4F5B;&#x5B66;&#xFF0C;&#x7531;&#x53F8;&#x9A6C;&#x742A;&#x3001;&#x97E9;&#x91D1;&#x79D1;&#x3001;&#x9AD8;&#x5CF0;&#x3001;&#x6C88;&#x601D;&#x9192;&#x7B49;&#x53C2;&#x4E0E;&#x4E3B;&#x7F16;&#x3002;&#x9009;&#x53D6;&#x8FD1;&#x767E;&#x5E74;&#x6765;&#x4E2D;&#x56FD;&#x7684;&#x4F5B;&#x5B66;&#x7814;&#x7A76;&#x4E2D;&#x6700;&#x6709;&#x4EE3;&#x8868;&#x6027;&#x7684;&#x5341;&#x4F4D;&#x5927;&#x5BB6;&#x2014;&#x2014;&#x6768;&#x6587;&#x4F1A;&#x3001;&#x6881;&#x542F;&#x8D85;&#x3001;&#x7AE0;&#x592A;&#x708E;&#x3001;&#x6B27;&#x9633;&#x7ADF;&#x543E;&#x3001;&#x718A;&#x5341;&#x529B;&#x3001;&#x80E1;&#x9002;&#x3001;&#x5415;&#x7013;&#x3001;&#x6C64;&#x7528;&#x5F64;&#x3001;&#x4EFB;&#x7EE7;&#x6108;&#x3001;&#x82CF;&#x6E0A;&#x96F7;&#x2014;&#x2014;&#x7684;&#x4F5B;&#x5B66;&#x7814;&#x7A76;&#x6210;&#x679C;&#x4E2D;&#x6700;&#x6709;&#x7279;&#x8272;&#x3001;&#x6700;&#x5177;&#x4EE3;&#x8868;&#x6027;&#x7684;&#x90E8;&#x5206;&#x6C47;&#x6210;&#x4E00;&#x518C;&#xFF0C;&#x5448;&#x73B0;&#x8FD1;&#x767E;&#x5E74;&#x6765;&#x4E2D;&#x56FD;&#x4F5B;&#x5B66;&#x7814;&#x7A76;&#x7684;&#x7CBE;&#x7CB9;&#xFF0C;&#x7ED9;&#x4F5B;&#x5B66;&#x7814;&#x7A76;&#x8005;&#x548C;&#x7231;&#x597D;&#x8005;&#x63D0;&#x4F9B;&#x4E00;&#x4E2A;&#x65B9;&#x4FBF;&#x7684;&#x53C2;&#x8003;&#x3002;</subfield>
  </datafield>
  <datafield tag="650" ind1=" " ind2=" ">
    <subfield code="a">Buddhism.</subfield>
  </datafield>
  <datafield tag="700" ind1=" " ind2=" ">
    <subfield code="a">&#x53F8;&#x9A6C;&#x742A;</subfield>
  </datafield>
  <datafield tag="942" ind1=" " ind2=" ">
    <subfield code="2">ddc</subfield>
    <subfield code="c">CB</subfield>
  </datafield>
  <datafield tag="952" ind1=" " ind2=" ">
    <subfield code="0">0</subfield>
    <subfield code="1">0</subfield>
    <subfield code="4">0</subfield>
    <subfield code="7">0</subfield>
    <subfield code="a">GETS</subfield>
    <subfield code="b">GETS</subfield>
    <subfield code="c">GEN</subfield>
    <subfield code="d">2020-07-12</subfield>
    <subfield code="l">0</subfield>
    <subfield code="o">BQ4055 .S45 2006</subfield>
    <subfield code="p">00000590</subfield>
    <subfield code="r">2020-07-12 00:00:00</subfield>
    <subfield code="w">2020-07-12</subfield>
    <subfield code="y">CB</subfield>
  </datafield>
  <datafield tag="999" ind1=" " ind2=" ">
    <subfield code="c">636</subfield>
    <subfield code="d">636</subfield>
  </datafield>
</record>
